00771nam a2200205Ia 4500003000900000008004100009020002200050040001600072080002300088245011700111260003700228300001300265490005100278650001800329650002200347700003100369942000700400999001700407952014100424IN-BaIIA211028s9999 xx 000 0 eng d a978-1-4020-2470-2 cIIA Library a52(082.1)bASS-308 0aSupermassive black holes in the distant universecedited by Amy J. Barger  aDordrechtbKluwer Academicc2004 ax, 298p. aAstrophysics and space science library; v. 308 aAstronomy980 aBlack holes97728 aBarger, Amy J., ed.929333 cBK c15908d15908 00104070aBANbBANcGENd2005-06-21eEDS g5992.00l0o52(082.1)/ ASS-308p16830r2021-11-05v5992.00w2005-06-21yBKGRs. 5992.00